| 000 | 00937nam a22002537a 4500 | ||
|---|---|---|---|
| 999 |
_c89717 _d89717 |
||
| 005 | 20200128153516.0 | ||
| 010 | _aBAC-EN21 ENG-111944 | ||
| 020 |
_a9788121925509 _c400.00 |
||
| 035 | _aEN-95476 | ||
| 035 | _aB-588875-905 | ||
| 035 | _aB-668076 | ||
| 037 |
_bTechniz/Ven _adpl |
||
| 037 | _bDBAD/PUB | ||
| 082 | _a153.69 | ||
| 100 | _aVerma, Shalini | ||
| 245 |
_aBody language : _cby Shalini Verma _byour success mantra / |
||
| 260 |
_aNew Delhi _bS.Chand _c2013(repr) |
||
| 270 |
_a7361, Ram Nagar _bNew Delhi _e110055 |
||
| 300 |
_axvi,173p. : _c24cm(pbk) _bcol. ill. |
||
| 500 | _aIncludes bibliographical references | ||
| 942 |
_2ddc _cEN _mVER _h153.69 |
||